00683 2200229 4500001002100000005001700021008004100038020002200079035002500101040001200126082002100138084002100159090002100180100001900201245008400220250001000304260003800314300003800352650002900390850001200419990002200431INLIS00000000000313920150402123355.0  a978-602-7900-30-1 a0010-041500000000205 aYOPDYOG aDEP 153.93 Ary T aDEP 153.93 Ary T aDEP 153.93 Ary T aARYO DEWANTARA aTop one super lolos TPA ( tes potensi akademik ) pascasarjana /cAryo Dewantoro aCet.1 aYogyakarta :bIndoliterasi,c2013 a[ 181 ] hlm.:bilus.;c24 cm + CD aInteligasi manusia - Tes aYOPDYOG aCB-D.11 2013-1845